Marketing Plans Profitable Strategies in the Digital Age
Gespeichert in:
| 1. Verfasser: | |
|---|---|
| Weitere Verfasser: | , |
| Format: | Buch |
| Sprache: | Englisch |
| Veröffentlicht: |
Hoboken
Wiley
2024
|
| Ausgabe: | 9th Edition |
| Schlagworte: | |
| Tags: |
Keine Tags, Fügen Sie das erste Tag hinzu!
|
MARC
| LEADER | 00000nam a2200000 4500 | ||
|---|---|---|---|
| 001 | 0306851 | ||
| 005 | 20250206195740.5 | ||
| 020 | |a 9781394187317 | ||
| 041 | 0 | |a eng | |
| 044 | |a US | ||
| 245 | 1 | 0 | |a Marketing Plans |b Profitable Strategies in the Digital Age |c Malcolm McDonald, Hugh Wilson, Dave Chaffey |
| 250 | |a 9th Edition | ||
| 264 | 1 | |a Hoboken |b Wiley |c 2024 | |
| 300 | |a 639 s. | ||
| 500 | |a ProQuest e-books. | ||
| 610 | 2 | 0 | |a marketing |
| 610 | 2 | 0 | |a plán marketingový |
| 610 | 2 | 0 | |a stratégia marketingová |
| 610 | 2 | 0 | |a marketing elektronický |
| 610 | 2 | 0 | |a marketing udržateľný |
| 610 | 2 | 0 | |a komunikácia marketingová |
| 100 | 1 | |a McDonald, Malcolm | |
| 700 | 1 | |a Wilson, Hugh | |
| 700 | 1 | |a Chaffey, Dave | |